Com es poda l'olivera / per August Matons
Descripción Física:
11 p. ; 21 cm
Otros Autores:
Catalunya. Mancomunitat. Servei d'Arbres Fruiters
Materias:
Oliveres -- Poda
MARC
| LEADER | 00000nam a2200000Ia 4500 | ||
|---|---|---|---|
| 001 | 2204 | ||
| 008 | 160829s9999 xx 000 0 cat d | ||
| 080 | |a RF-1-4 | ||
| 100 | |a Matons, August |9 20130 | ||
| 245 | |a Com es poda l'olivera / per August Matons | ||
| 250 | |a 2a ed. | ||
| 260 | |a Barcelona : |b [Mancomunitat de Catalunya]. Servei d'Arbres Fruiters, [192 - ?] | ||
| 300 | |a 11 p. ; |c 21 cm | ||
| 490 | |a Publicacions divulgadores dels Serveis Tècnics d'Agricultura | ||
| 650 | |a Oliveres |x Poda |9 37952 | ||
| 700 | |a Catalunya. Mancomunitat. Servei d'Arbres Fruiters |9 20132 | ||
| 856 | 4 | |u https://media.diba.cat/diba/fitxers/arxiu/fulletons/bib_2204_baixa.pdf |y Accés lliure | |
| 856 | 4 | |u https://media.diba.cat/diba/fitxers/arxiu/fulletons/bib_2204_baixa.pdf |y Accés lliure | |
| 901 | |a Arxiu | ||
| 942 | |n 1 |2 udc | ||
| 952 | |0 0 |1 0 |4 0 |6 RF14 |7 1 |9 48169 |a Arxiu |b Arxiu |d 2016-12-01 |l 0 |o RF-1-4 |p 2204 |r 2016-12-01 00:00:00 |w 2016-12-01 |y ARXIU | ||
| 999 | |c 51972 |d 51972 | ||
| 900 | |a bib_2204_baixa.pdf | ||